Statistiken für Alle Fischarten bei Animal Crossing: New Horizons

Klicken Sie hier um das Quiz zu spielen!

Allgemein

  • Dieses Quiz wurde 106 mal gespielt
  • Das Durchschnittsergebnis liegt bei 23 aus 80

Antwortstatistiken

Fisch% Korrekt
Barsch
92%
Hai
80%
Seebarsch
76%
Hammerhai
74%
Makrele
74%
Mondfisch
70%
Flunder
63%
Goldfisch
58%
Lachs
57%
Karpfen
55%
Frosch
49%
Seepferdchen
49%
Walhai
49%
Thunfisch
47%
Guppy
43%
See-Engel
43%
Anglerfisch
42%
Stör
42%
Quastenflosser
39%
Sägehai
39%
Flussbarsch
38%
Hecht
38%
Anemonenfisch
37%
Koi-Karpfen
36%
Kalmar
34%
Kugelfisch
32%
Kaiserschnapper
30%
Muräne
30%
Kliesche
29%
Schiffshalter
29%
Sardelle
28%
Riemenfisch
26%
Sonnenbarsch
26%
Hasel
25%
Karausche
25%
Kaulquappe
25%
Döbel
24%
Goldforelle
24%
Königslachs
24%
Rotfeuerfisch
24%
Bitterling
22%
Goldmakrele
22%
Marlin
22%
Rochen
22%
Schnappschildkröte
22%
Arapaima
21%
Teleskopauge
20%
Huchen
18%
Piranha
18%
Weichschildkröte
18%
Flusskrebs
17%
Glaskopffisch
17%
Igelfisch
17%
Katzenwels
17%
Nasenmuräne
17%
Stint
16%
Flussgrundel
14%
Arowana
13%
Ayu
13%
Knochenhecht
13%
Masulachs
13%
Paletten-Doktorfisch
13%
Regenbogenfisch
12%
Napoleonfisch
11%
Neonsalmler
11%
Ranchu
11%
Saibling
11%
Skalar
11%
Schnabelbarsch
9%
Wollhandkrabbe
9%
Killifisch
8%
Lachssalmler
8%
Schlangenkopf
8%
Tilapia
8%
Flösselhecht
7%
Kampffisch
7%
Stachelmakrele
7%
Bachschmerle
5%
Falterfisch
5%
Saugbarbe
4%

Verteilung der Resultate

Perzentil nach korrekt beantworteten Fragen

Anzahl Personen mit jedem Resultat

Ihre Resultats-Entwicklung

Sie haben dieses Quiz noch nicht gespielt